Emigrantské údely a nádeje

Bibliographic Details
Main Authors: Maťovčík, Augustín, 1937- (Author), Joštiak, Jozef, 1893-1971 (Author), Jankovič, Ladislav, 1917-1998 (Author)
Format: Article
Language:Slovak
PhysicalDescription:Fotogr. 1
ISSN:0862-5999
Subjects:

MARC

LEADER 00000nab a2200000 a 4500
001 vtls000615649
003 SK-MaSNL
005 20260303013833.0
008 140422c1997 xo 0 slo
015 |a SNBRB19rr/mm-uuuuu 
035 |a CL0615788 
040 |a SNKBUCL  |b slo  |c SNKBUCL  |e AACR2 
041 0 |a slo 
044 |a xo  |c SK 
080 |a 82.09:885.4 (82)-94(048)  |2 1981 
080 |a 885.4 (82)-94(048)  |2 1981 
100 1 |a Maťovčík, Augustín,  |d 1937-  |4 aut  |9 98490 
245 1 0 |a Emigrantské údely a nádeje  |c Augustín Maťovčík 
300 |b Fotogr. 1 
650 0 7 |a memoáre literárne  |2 snkbucl  |9 280383 
655 7 |a články z novín a časopisov  |2 snkbucl  |9 267496 
700 1 |a Joštiak, Jozef,  |d 1893-1971  |4 aut  |9 200759 
700 1 |a Jankovič, Ladislav,  |d 1917-1998  |4 aut  |9 39072 
773 0 |t Literárny týždenník  |g Roč. 10, č. 5 (1997), s. 6  |x 0862-5999 
787 0 8 |i Rec.:  |a Joštiak, Jozef  |t Dva životy - jeden osud  |d Bratislava : Dom zahraničných Slovákov, 1996 
850 |a Slovenská národná knižnica v Martine  |a MTA001 
852 |a SNK  |b KIS3GCP 
958 |a LX 
958 |a SK 
958 |a AR 
958 |a RK 
992 |a RBX 
999 |c 1604667  |d 1606597